Welcome to CU Library Online Public Access Catalogue (OPAC)

1 and 2 Thessalonians / (Record no. 7073)

MARC details
000 -LEADER
fixed length control field 00873cam a2200229 a 4500
001 - CONTROL NUMBER
control field 4867569
005 - DATE AND TIME OF LATEST TRANSACTION
control field 20250721163550.0
008 - FIXED-LENGTH DATA ELEMENTS--GENERAL INFORMATION
fixed length control field 920215s1992 mau b 001 0 eng
020 ## - INTERNATIONAL STANDARD BOOK NUMBER
International Standard Book Number 0943575869 (pbk.) :
Terms of availability $9.95
020 ## - INTERNATIONAL STANDARD BOOK NUMBER
International Standard Book Number 9780943575865
050 00 - LIBRARY OF CONGRESS CALL NUMBER
Classification number BS2725.3
Item number .W55 1992
082 00 - DEWEY DECIMAL CLASSIFICATION NUMBER
Classification number 227/.81077
Edition information 20
100 1# - MAIN ENTRY--PERSONAL NAME
Personal name Williams, David John.
245 10 - TITLE STATEMENT
Title 1 and 2 Thessalonians /
Statement of responsibility, etc. David John Williams ; New Testament editor, W. Ward Gasque.
260 ## - PUBLICATION, DISTRIBUTION, ETC.
Place of publication, distribution, etc. Peabody, Mass. :
Name of publisher, distributor, etc. Hendrickson Publishers,
Date of publication, distribution, etc. c1992.
300 ## - PHYSICAL DESCRIPTION
Extent xii, 168 p. ;
Dimensions 22 cm.
440 #0 - SERIES STATEMENT/ADDED ENTRY--TITLE
Title New International biblical commentary ;
Volume/sequential designation 12
700 1# - ADDED ENTRY--PERSONAL NAME
Personal name Gasque, W. Ward.
856 42 - ELECTRONIC LOCATION AND ACCESS
Materials specified Publisher description
Uniform Resource Identifier <a href="http://www.loc.gov/catdir/description/hend021/92005252.html">http://www.loc.gov/catdir/description/hend021/92005252.html</a>
856 42 - ELECTRONIC LOCATION AND ACCESS
Materials specified Contributor biographical information
Uniform Resource Identifier <a href="http://www.loc.gov/catdir/enhancements/fy0706/92005252-b.html">http://www.loc.gov/catdir/enhancements/fy0706/92005252-b.html</a>
942 ## - ADDED ENTRY ELEMENTS (KOHA)
Source of classification or shelving scheme Library of Congress Classification
Koha item type Books
Suppress in OPAC No
999 ## -
-- 7073
-- 7073
Holdings
Withdrawn status Lost status Source of classification or shelving scheme Damaged status Not for loan Collection Home library Current library Shelving location Date acquired Total checkouts Full call number Barcode Date last seen Copy number Price effective from Koha item type
    Library of Congress Classification     Non-fiction Undergraduate Library (Christ Temple) Undergraduate Library (Christ Temple) General stacks 07/21/2025   BS2725.3 WIL ulct00003990 07/21/2025 1 07/21/2025 Books
© 2023-2024 Copyright: Central University Libraries. All Rights Reserved | Created by: Mahone Tech Office